000 00693nam a2200253Ia 4500
003 OSt
005 20220918163311.0
006 a|||||r|||| 00| 0
007 ta
008 220917b |||||||| |||| 00| 0 eng d
020 _a0 521 39304 3
024 _a28,075
037 _cTextual
040 _aARTS
_cARTS
_beng
041 _2eng
_aeng
082 _aO111,2N35:g, N2-;1
100 _aSpencer Jenny S
_912569
245 0 _aDramatic strategies in the plays of Edward Bond
260 _aCambridge
_bCUP
_c1992
300 _axv,207p.
_ccm.
650 _aENGLISH LITERATURE
942 _hO111,2N35:g, N2-;1
_cTEXL
_2CC
999 _c119002
_d119002